Responses for Show #4337 - Tuesday, June 10, 2003

Jim Stalley game 5.

Contestants

[<< previous game]

Donna Duessel, an environmental manager from Derby, Connecticut

Guy Jordan, a graduate student from College Park, Maryland

Jim Stalley, a crime data specialist from Denver, Colorado (whose 4-day cash winnings total $84,100)

[next game >>]

Jeopardy! Round responses

THE GIDEON BIBLE
ANIMALIA
WINE TASTING
EDUCATION
WHAT MOVES YOU?
WE NEED "ACTION"
    $200 16
Hell

Jim
    $200 1
turtle

Jim
    $200 6
Cabernet

Jim
    $200 11
economics

Guy
    $200 26
jet propulsion

Jim
    $200 21
action figure

Jim
    $400 17
(Jim: What are virtues?)

commandments

JimDonna
    $400 2
(Guy: What is a horse?)

camel

JimGuy
    $400 7
cheese

Jim
    $400 12
home schooling

Guy
    $400 27
"Diesel"

Guy
    $400 22
class action

Donna
    $600 18
begat

Guy
    $600 3
Bubbles

Guy
    $600 8
dessert wine

Donna
    $1,800 13
civics

Guy
    $600 28
solar power

Jim
    $600 23
political action committee

Guy
    $800 19
the Temple in Jerusalem

Jim
    $800 4
German Shepherd

Donna
    $800 9
full-bodied

Jim
    $800 14
base 10

Jim
    $800 29
rocket

Donna
    $800 24
Action Comics

Guy
    $1000 20
(Guy: What is your heart?)

the house of the Lord

Guy
Triple Stumper
    $1000 5
Charlie Horse

Triple Stumper
    $1000 10
Riesling

Guy
    $1000 15
College Entrance Exam Board

Donna
    $1000 30
(Guy: What is the air... the lift and drag on the air above them and below them?)
(Alex: No, we're not getting an accept.)

air pressure

JimGuy
    $1000 25
(Alex: With a minute to go.)

police action

Donna

Scores at the first commercial break (after clue 15):

Jim Guy Donna
$2,800 $3,600 $2,400

Scores at the end of the Jeopardy! Round:

Jim Guy Donna
$5,400 $4,000 $5,000

Double Jeopardy! Round responses

CANADA
ENDS IN "X"
CITIES OF DEATH
WALL STREET TALK
IT'S MY PARTY
(Alex: And I'll cry if I want to!)
LET'S ROCK
    $400 2
House of Commons

Guy
    $400 1
the Bronx

Jim
    $400 17
Dallas

Jim
    $400 21
cable car

Jim
    $400 11
(Alex: Ralph Nader was the candidate.)

Green Party

Jim
    $400 26
"Homeward Bound"

Donna
    $800 3
Alberta

Donna
    $800 7
lynx

Jim
    $800 18
Paris

Donna
    $800 22
(Guy: What are options?)

commissions

JimGuy
    $800 12
Bull Moose Party

Jim
    $800 27
"Louie Louie"

Guy
    $1200 4
(Guy: What is Ontario?)

Manitoba

JimGuy
    $1200 8
syntax

Guy
    $1200 16
San Antonio

Donna
    $2,000 23
(Jim: What is energy?)

industrial

Jim
    $1200 13
(Jim: Who was Anderson?)

George Wallace

JimDonna
    $1200 28
the Doors

Guy
    $2,000 5
Prince Edward Island

Jim
    $1600 9
annex

Donna
    $1600 19
St. Petersburg, Russia

Guy
    $1600 24
(Alex: Minute to go now.)

correction

Jim
    $1600 14
Democratic-Republican Party

Guy
    $1600 29
Bobby Fuller

Triple Stumper
    $2000 6
Mount Logan

Guy
    $2000 10
Ajax

Donna
    $2000 20
Taipei

Donna
    $2000 25
price to earnings ratio

Donna
    $2000 15
(Guy: Who are the Know-Nothings?)
(Donna: Who are the Whigs?)

Free Soil Party

GuyDonna
Triple Stumper
    $2000 30
"Downtown Train"

Triple Stumper

Scores at the end of the Double Jeopardy! Round:

Jim Guy Donna
$11,000 $8,800 $15,000

[wagering suggestions for these scores]

Final Jeopardy! Round responses

2001 NEWS
(Alex: Think back.)
GuyWho is Jeb Bush?
$0
JimWho is Jeb Bush?
$10,990
DonnaWho is Jeb Bush?
$7,001
Jeb Bush (governor of Florida)

Final scores:

Jim Guy Donna
$21,990 $8,800 $22,001
2nd place: $2,000 3rd place: $1,000 New champion: $22,001

Game dynamics:

Coryat scores:

Jim Guy Donna
$12,600 $7,600 $15,000
22 R
(including 1 DD),
3 W
(including 1 DD)
16 R
(including 1 DD),
6 W
16 R,
1 W

Combined Coryat: $35,200

[game clues] [game scores] [suggest correction]

Game tape date: 2003-02-19
The J! Archive is created by fans, for fans. Scraping, republication, monetization, and malicious use prohibited; this site may use cookies and collect identifying information. See terms. The Jeopardy! game show and all elements thereof, including but not limited to copyright and trademark thereto, are the property of Jeopardy Productions, Inc. and are protected under law. This website is not affiliated with, sponsored by, or operated by Jeopardy Productions, Inc. Join the discussion at JBoard.tv.